FIFA World Cup All-Time Table with Exceptions - Statistics

General Stats
  • This quiz has been taken 33 times
  • The average score is 8 of 10
Answer Stats
Points Team % Correct
66 Mexico
100%
30 Colombia
97%
27 Japan
97%
31 South Korea
97%
35 United States
97%
40 Chile
84%
22 Morocco
71%
23 Cameroon
68%
31 Paraguay
61%
23 Costa Rica
52%
No matching quizzes found
Score Distribution
Percent of People with Each Score
Percentile by Number Answered
Your Score History
You have not taken this quiz